Parc a taula
Descripción Física:
1 punt de llibre : il·lustracions ; 18 x 6 cm
Idioma:
Catalán
MARC
| LEADER | 00000nrm a2200000 a 4500 | ||
|---|---|---|---|
| 001 | 25729 | ||
| 003 | Arxiu | ||
| 005 | 20260324181116.0 | ||
| 008 | 220601b spa||||| |||| 00| 0 cat d | ||
| 017 | |a DL B 21800-2016 | ||
| 040 | |a NBM-13-180 | ||
| 245 | |a Parc a taula | ||
| 260 | |a Barcelona : |b Diputació de Barcelona, Xarxa de Parcs Naturals, |c 2016 | ||
| 300 | |a 1 punt de llibre : |b il·lustracions ; |c 18 x 6 cm | ||
| 610 | 1 | 0 | |a Barcelona (Catalunya : Província). |9 7250 |b Xarxa de Parcs Naturals |
| 655 | 0 | |a Punts de llibre |9 52700 | |
| 710 | 1 | |9 7250 |a Barcelona (Catalunya : Província). |b Xarxa de Parcs Naturals | |
| 942 | |2 udc |c ARXIU |n 1 | ||
| 952 | |0 0 |1 0 |4 0 |6 NBM13180 |7 1 |9 62120 |a Arxiu |b Arxiu |d 2022-06-01 |l 0 |o NBM-13-180 |p 25729 |r 2022-06-01 00:00:00 |w 2022-06-01 |y ARXIU | ||
| 999 | |c 81825 |d 81825 | ||